000 00392pab a2200157 454500
008 180718b1996 xxu||||| |||| 00| 0 eng d
100 _aPal, R.M.
245 _aHuman rights in Pakistan: much to learn from HRCP report
260 _c1996
300 _ap.17-19
362 _a12 Oct
650 _aHuman rights - Pakistan
650 _aHuman rights
773 _aMainstream
909 _a32231
999 _c32231
_d32231